| 000 | 00747nam a2200217Ii 4500 | ||
|---|---|---|---|
| 003 | JO-AjNU | ||
| 008 | 230605s9999||||xx |||||||||||||| ||und|| | ||
| 017 | _a1981/3095 | ||
| 020 | _a977-7346-91-3 | ||
| 040 |
_aJO-AjNU _bara _erda _cJO-AjNU |
||
| 041 | _aara | ||
| 050 | 1 | 4 | _aPN1993.5.US55 1973 |
| 100 | 3 |
_aتحرير ستابلز،دونالد.أ ؛ ترجمة نور الدين الزراري, _eauthor _915642 |
|
| 245 | 0 | 0 | _aالسينما الأمريكية |
| 264 | 3 | 1 | _aدمشق: دار المعارف، 1973 |
| 300 | _a467ص | ||
| 336 |
_atext _btxt _2rdacontent |
||
| 337 |
_aunmediated _bn _2rdamedia |
||
| 338 |
_avolume _bnc _2rdacarrier |
||
| 650 | 4 |
_aالسينما - السينما الأمريكية - تاريخ ونقد _915643 |
|
| 999 |
_aA4464 _c8032 _d8032 |
||